[Event "Wch U18 Girls"]
[Site "Montesilvano"]
[Date "2023.11.18"]
[Round "6"]
[White "Darweeche, Roaa"]
[Black "Tikvesli, Ceylin"]
[Result "0-1"]
[WhiteElo "1406"]
[BlackElo "1736"]
[PlyCount "82"]
[EventDate "2023.11.13"]
[EventType "swiss"]
[EventRounds "11"]
[EventCountry "ITA"]
[SourceTitle "CB48_2023"]
[SourceDate "2023.11.29"]
[SourceVersion "1"]
[SourceVersionDate "2023.11.29"]
[SourceQuality "1"]

1. d4 Nf6 2. Nc3 d5 3. Nf3 g6 4. Bf4 Bg7 5. h3 c5 6. e3 a6 7. dxc5 Nbd7 8. Be2 Nxc5 9. 0-0 0-0 10. Be5 e6 11. Rb1 b5 12. b4 Ncd7 13. Bd4 Qc7 14. Bc5 Nxc5 15. bxc5 Qxc5 16. Qd4 Qc7 17. Qb4 Nd7 18. Nd4 Nb6 19. Rfc1 Bd7 20. Nd1 e5 21. Nf3 Rfc8 22. Nb2 a5 23. Qd2 Bf8 24. c3 Ba3 25. g4 Na4 26. Rc2 Bxb2 27. Rbxb2 Nxb2 28. Rxb2 Qxc3 29. Qxc3 Rxc3 30. Nxe5 Be8 31. Bxb5 Rb8 32. a4 Bxb5 33. axb5 a4 34. Ra2 a3 35. g5 Rxb5 36. Rd2 Ra5 37. Ra2 Kg7 38. Nd7 Rb3 39. Rc2 a2 40. Nf6 a1Q+ 41. Kg2 Rc3 0-1

[Event "Olympiad Women-44"]
[Site "Chennai"]
[Date "2022.08.09"]
[Round "11.3"]
[White "Darweeche, Roaa"]
[Black "Mohammed, Celine Angelina"]
[Result "1/2-1/2"]
[WhiteElo "1548"]
[BlackElo "1100"]
[PlyCount "85"]
[EventDate "2022.07.29"]
[EventType "team-swiss"]
[EventRounds "11"]
[EventCountry "IND"]
[SourceTitle "CBM 210"]
[Source "ChessBase"]
[SourceDate "2022.10.31"]
[SourceVersion "1"]
[SourceVersionDate "2022.10.31"]
[SourceQuality "1"]
[WhiteTeam "Lebanon (W)"]
[BlackTeam "Trinidad and Tobago (W)"]
[WhiteTeamCountry "LBN"]
[BlackTeamCountry "TRI"]

1. Nf3 d5 2. c4 c6 3. e3 Nf6 4. d4 e6 5. c5 b6 6. b4 Be7 7. Nc3 0-0 8. Bd3 Nbd7 9. 0-0 Re8 10. e4 dxe4 11. Nxe4 Nxe4 12. Bxe4 Bb7 13. Bf4 Nf6 14. Bc2 Nd5 15. Bd2 bxc5 16. dxc5 Bf6 17. Rb1 Ba6 18. Re1 Bc4 19. Bb3 Bxb3 20. Rxb3 Qd7 21. Bc3 Bxc3 22. Rxc3 Qb7 23. Rb3 Rad8 24. Qc2 h6 25. a3 Qe7 26. Ne5 Rc8 27. Nc4 Rc7 28. Nd6 Rd8 29. Qe4 Nf6 30. Qe5 Ne8 31. Rg3 Qf6 32. Qxf6 Nxf6 33. h3 Ne8 34. Rd3 Nxd6 35. cxd6 Rcd7 36. Red1 Kf8 37. f4 f6 38. Kf2 Kf7 39. Kf3 g5 40. g3 f5 41. a4 Kf6 42. b5 cxb5 43. axb5 1/2-1/2

[Event "Olympiad Women-44"]
[Site "Chennai"]
[Date "2022.07.31"]
[Round "3.3"]
[White "Hwass, Zaineb"]
[Black "Darweeche, Roaa"]
[Result "1-0"]
[WhiteElo "1386"]
[BlackElo "1548"]
[PlyCount "173"]
[EventDate "2022.07.29"]
[EventType "team-swiss"]
[EventRounds "11"]
[EventCountry "IND"]
[SourceTitle "CBM 210"]
[Source "ChessBase"]
[SourceDate "2022.10.31"]
[SourceVersion "1"]
[SourceVersionDate "2022.10.31"]
[SourceQuality "1"]
[WhiteTeam "Tunisia (W)"]
[BlackTeam "Lebanon (W)"]
[WhiteTeamCountry "TUN"]
[BlackTeamCountry "LBN"]

1. d4 f5 2. c4 g6 3. Nc3 Bg7 4. e4 fxe4 5. Nxe4 d6 6. Nf3 Nf6 7. Nxf6+ exf6 8. h3 0-0 9. Bd3 Nd7 10. 0-0 Kh8 11. Be3 Nb6 12. Qd2 Be6 13. d5 Bf7 14. Bh6 Nd7 15. Bxg7+ Kxg7 16. Nd4 Re8 17. f4 f5 18. Rae1 Nf8 19. Qc3 Kg8 20. Bxf5 Qf6 21. Rxe8 Rxe8 22. Bc2 a6 23. Nb5 Qe7 24. Nd4 Qe3+ 25. Qxe3 Rxe3 26. Kf2 Re8 27. Rd1 Kg7 28. Rd3 Kf6 29. Rb3 b5 30. cxb5 Bxd5 31. Ra3 axb5 32. Nxb5 Re7 33. g3 Bc4 34. Nc3 Nd7 35. Ne4+ Kg7 36. Re3 d5 37. Nc3 Rf7 38. b3 d4 39. Re4 Bd3 40. Bxd3 dxc3 41. Rc4 Ne5 42. Rxc3 Nxd3+ 43. Rxd3 c6 44. b4 Rb7 45. a3 Kf7 46. g4 Ke6 47. Kf3 h6 48. h4 Rf7 49. Ke4 Rf8 50. a4 Ra8 51. f5+ gxf5+ 52. gxf5+ Ke7 53. a5 Rb8 54. Rd4 Rb5 55. a6 Rb6 56. Ke5 Rb5+ 57. Kf4 Rb6 58. Re4+ Kf7 59. Re6 Rxb4+ 60. Re4 Rb6 61. Ra4 Rb8 62. a7 Ra8 63. Ke5 Ke7 64. f6+ Kd7 65. f7 Ke7 66. Rf4 Kf8 67. Ra4 Kxf7 68. Kd6 Kg6 69. Kxc6 Kh5 70. Kb7 Rxa7+ 71. Kxa7 Kg6 72. Ra5 Kg7 73. Ra6 Kh7 74. Kb7 h5 75. Kc7 Kg7 76. Kd7 Kh7 77. Ke6 Kg6 78. Ke5+ Kg7 79. Kf5 Kh7 80. Kg5 Kg7 81. Ra7+ Kf8 82. Kxh5 Kg8 83. Kg6 Kf8 84. h5 Ke8 85. h6 Kf8 86. h7 Ke8 87. h8Q# 1-0

[Event "Francophonie-chT Rapid"]
[Site "Tornelo INT"]
[Date "2022.06.04"]
[Round "4.10"]
[White "Darweeche, Roaa"]
[Black "Rajerison, Mananihaja Charly"]
[Result "0-1"]
[WhiteElo "1548"]
[BlackElo "1912"]
[PlyCount "62"]
[EventDate "2022.06.04"]
[EventType "team-swiss (rapid)"]
[EventRounds "11"]
[EventCountry "FRA"]
[SourceTitle "CBM 208 Extra"]
[Source "ChessBase"]
[SourceDate "2022.07.31"]
[SourceVersion "1"]
[SourceVersionDate "2022.07.31"]
[SourceQuality "1"]
[WhiteTeam "Lebanon II"]
[BlackTeam "Madagascar"]
[WhiteTeamCountry "LBN"]
[BlackTeamCountry "MAD"]

1. Nf3 d6 2. c4 e5 3. d4 e4 4. Nfd2 f5 5. Nc3 Nf6 6. Nb3 Be7 7. Bf4 0-0 8. h3 c6 9. e3 Kh8 10. Be2 a5 11. a4 Na6 12. 0-0 Rg8 13. f3 d5 14. fxe4 fxe4 15. Nd2 Nc7 16. Rc1 Ne6 17. Bh2 Bd6 18. cxd5 cxd5 19. Bxd6 Qxd6 20. Nb5 Qg3 21. Qb3 Ng5 22. Kh1 Nxh3 23. gxh3 Bxh3 24. Rg1 Qh4 25. Rge1 Ng4 26. Bxg4 Bxg4+ 27. Kg1 Qg3+ 28. Kf1 Rgf8+ 29. Nf3 Qxf3+ 30. Kg1 Qf2+ 31. Kh1 Bf3# 0-1